000 00765cam a22002651 4500
999 _c22829
_d22829
001 6128268
003 BDDh-ASL
005 20231015030149.0
008 840120r19641871ii 000 0 eng
010 _asa 66004488
035 _a(OCoLC)10321474
040 _aDLC
_cMiRochOU
_dMiRochOU
_dDLC
_dBDDh-ASL
042 _apremarc
043 _aa-ii---
050 0 0 _aDS475.1
_b.H94 1964
082 _a954
_bHUI
100 1 _aHunter, William Wilson,
_d1840-1900.
245 1 4 _aThe Indian Musalmans /
_cby W.W. Hunter.
260 _aLahore :
_bPremier Book House,
_c1964.
300 _a165 p. :
_c22 cm.
500 _a"Reprinted from the first edition."
650 0 _aMuslims
_zIndia.
906 _a7
_bcbc
_coclcrpl
_du
_encip
_f19
_gy-gencatlg
942 _2ddc
_cBK